|
|
|
|
| LEADER |
03494nam a22005415i 4500 |
| 001 |
978-3-0348-0125-6 |
| 003 |
DE-He213 |
| 005 |
20151125191346.0 |
| 007 |
cr nn 008mamaa |
| 008 |
110509s2011 sz | s |||| 0|eng d |
| 020 |
|
|
|a 9783034801256
|9 978-3-0348-0125-6
|
| 024 |
7 |
|
|a 10.1007/978-3-0348-0125-6
|2 doi
|
| 040 |
|
|
|d GrThAP
|
| 050 |
|
4 |
|a RM1-950
|
| 072 |
|
7 |
|a MMG
|2 bicssc
|
| 072 |
|
7 |
|a MED071000
|2 bisacsh
|
| 082 |
0 |
4 |
|a 615
|2 23
|
| 100 |
1 |
|
|a Sunjic, Vitomir.
|e author.
|
| 245 |
1 |
0 |
|a Signposts to Chiral Drugs
|h [electronic resource] :
|b Organic Synthesis in Action /
|c by Vitomir Sunjic, Michael J. Parnham.
|
| 264 |
|
1 |
|a Basel :
|b Springer Basel :
|b Imprint: Springer,
|c 2011.
|
| 300 |
|
|
|a XX, 232 p.
|b online resource.
|
| 336 |
|
|
|a text
|b txt
|2 rdacontent
|
| 337 |
|
|
|a computer
|b c
|2 rdamedia
|
| 338 |
|
|
|a online resource
|b cr
|2 rdacarrier
|
| 347 |
|
|
|a text file
|b PDF
|2 rda
|
| 505 |
0 |
|
|a Organic synthesis in drug discovery and development -- Aliskiren fumarate -- (R)-K-13675 -- Sitagliptin phosphate monohydrate -- Biaryl unit in valsartan and vancomycin -- 3-Amino-1,4-benzodiazepines -- Sertraline -- 1,2-Dihydroquinolines -- (-)-Menthol -- Fexofenadine hydrochloride -- Montelukast sodium -- Thiolactone peptides as antibacterial peptidomimetics -- Efavirenz -- Paclitaxel -- Neoglycoconjugate -- 12-Aza <epothilones. .
|
| 520 |
|
|
|a Highlighting 15 selected chiral structures, which represent candidate or marketed drugs, and their chemical syntheses, the authors acquaint the reader with the fascinating achievements of synthetic and medicinal chemistry. The book starts with an introduction treating the discovery and development of a new drug entity. Each of the 15 subsequent chapters presents one of the target structures and begins with a description of its biological profile as well as any known molecular mechanisms of action, underlining the importance of its structural and stereochemical features. This section is followed by detailed discussions of synthetic approaches to the chiral target structure, highlighting creative ideas, the scaling-up of laboratory methods and their replacement by efficient modern technologies for large-scale production. Nearly 60 synthetic reactions, most of them stereoselective, catalytic or biocatalytic, as well as chiral separating methodologies are included in the book. Vitomir Sunjic and Michael J. Parnham provide an invaluable source of information for scientists in academia and the pharmaceutical industry who are actively engaged in the interdisciplinary development of new drugs, as well as for advanced students in chemistry and related fields.
|
| 650 |
|
0 |
|a Medicine.
|
| 650 |
|
0 |
|a Pharmacology.
|
| 650 |
|
0 |
|a Pharmaceutical technology.
|
| 650 |
|
0 |
|a Organic chemistry.
|
| 650 |
|
0 |
|a Chemical engineering.
|
| 650 |
|
0 |
|a Medicinal chemistry.
|
| 650 |
|
0 |
|a Medical biochemistry.
|
| 650 |
1 |
4 |
|a Biomedicine.
|
| 650 |
2 |
4 |
|a Pharmacology/Toxicology.
|
| 650 |
2 |
4 |
|a Pharmaceutical Sciences/Technology.
|
| 650 |
2 |
4 |
|a Organic Chemistry.
|
| 650 |
2 |
4 |
|a Medicinal Chemistry.
|
| 650 |
2 |
4 |
|a Medical Biochemistry.
|
| 650 |
2 |
4 |
|a Industrial Chemistry/Chemical Engineering.
|
| 700 |
1 |
|
|a Parnham, Michael J.
|e author.
|
| 710 |
2 |
|
|a SpringerLink (Online service)
|
| 773 |
0 |
|
|t Springer eBooks
|
| 776 |
0 |
8 |
|i Printed edition:
|z 9783034801249
|
| 856 |
4 |
0 |
|u http://dx.doi.org/10.1007/978-3-0348-0125-6
|z Full Text via HEAL-Link
|
| 912 |
|
|
|a ZDB-2-SBL
|
| 950 |
|
|
|a Biomedical and Life Sciences (Springer-11642)
|